Career in librarianship : (Record no. 122551)

MARC details
000 -LEADER
fixed length control field 01522nam a22002537a 4500
003 - CONTROL NUMBER IDENTIFIER
control field dpl
005 - DATE AND TIME OF LATEST TRANSACTION
control field 20180821123416.0
008 - FIXED-LENGTH DATA ELEMENTS--GENERAL INFORMATION
fixed length control field 161004b xxu||||| |||| 00| 0 eng d
010 ## - LIBRARY OF CONGRESS CONTROL NUMBER
LC control number B-059461
020 ## - INTERNATIONAL STANDARD BOOK NUMBER
Terms of availability 590.00
International Standard Book Number 818535913
035 ## - SYSTEM CONTROL NUMBER
System control number B-059461, B-059464
037 ## - SOURCE OF ACQUISITION
Source of stock number/acquisition Cen Lib/Ret
040 ## - CATALOGING SOURCE
Original cataloging agency DPL
Language of cataloging EN
Transcribing agency TIT
082 ## - DEWEY DECIMAL CLASSIFICATION NUMBER
Classification number 023
Item number SIN
100 ## - MAIN ENTRY--PERSONAL NAME
Personal name Dev Raj Singh
9 (RLIN) 105423
245 ## - TITLE STATEMENT
Title Career in librarianship :
Statement of responsibility, etc by Dev Raj Singh
Remainder of title challenges and opportunities /
260 ## - PUBLICATION, DISTRIBUTION, ETC. (IMPRINT)
Place of publication, distribution, etc Delhi
Name of publisher, distributor, etc Independent Publishing Company
Date of publication, distribution, etc 2001
270 ## - ADDRESS
City Delhi
Address 4774, Deputy Ganj, Sadar Bazar
Postal code 110006
300 ## - PHYSICAL DESCRIPTION
Extent 229p.
Dimensions 20cm(Hb)
500 ## - GENERAL NOTE
General note Includes appendix
650 ## - SUBJECT ADDED ENTRY--TOPICAL TERM
Topical term or geographic name as entry element Library science French-english
Form subdivision
9 (RLIN) 105424
650 ## - SUBJECT ADDED ENTRY--TOPICAL TERM
Topical term or geographic name as entry element Librarianship
Chronological subdivision
9 (RLIN) 105425
942 ## - ADDED ENTRY ELEMENTS (KOHA)
Source of classification or shelving scheme Dewey Decimal Classification
Koha item type English Books
Classification part 023
Call number suffix DEV
Holdings
Withdrawn status Lost status Damaged status Not for loan Collection code Home library Current library Date acquired Source of acquisition Cost, normal purchase price Total Checkouts Full call number Barcode Date last seen Copy number Cost, replacement price Price effective from Koha item type Source of classification or shelving scheme
      Not For Loan Reference Central Library Central Library 28/05/2015 Cen Lib/Ret 590.00   023 DEV B-059461 28/05/2015 1 590.00 15/09/2016 English Books  
        Non-fiction Shahdara Branch Shahdara Branch 21/08/2018 BPPD/PUB 590.00   023 DEV B-059464 21/08/2018   590.00 21/08/2018 English Books Dewey Decimal Classification

© Delhi Public Library
Hit Counter
free hit counter